000 00503nam a22001817a 4500
999 _c6235
_d6233
005 20210826114201.0
008 200517b xxu||||| |||| 00| 0 eng d
020 _a9788123923758
041 _aeng
082 _a615 SID
100 _a"SIDDIQUI ANEES A & OTHERS"
_96707
245 _aPRECISE CHEMISTRY OF NATURAL PRODUCTS AND HETEROGENEITY COMPOUNDS
250 _a1'ST
260 _aNew Delhi
_bCBS Publishers and distributors
_c2019
300 _a494,vii
650 _aPharmacy
_96708
942 _cBK